NFL Second Team All Pro Running Backs - Statistics

General Stats
  • This quiz has been taken 189 times
    12 since last reset
  • The average score is 85 of 102
Answer Stats
Year Team Player % Correct
2015 Vikings Adrian Peterson
100%
2012 Vikings Adrian Peterson
100%
2009 Vikings Adrian Peterson
100%
2008 Vikings Adrian Peterson
100%
1997 Lions Barry Sanders
100%
1995 Lions Barry Sanders
100%
1994 Lions Barry Sanders
100%
1991 Lions Barry Sanders
100%
1990 Lions Barry Sanders
100%
1989 Lions Barry Sanders
100%
2009 Titans Chris Johnson
100%
2023 49rs Christian McCaffrey
100%
2019 49ers Christian McCaffrey
100%
2020 Titans Derrick Henry
100%
1995 Cowboys Emmitt Smith
100%
1994 Cowboys Emmitt Smith
100%
1993 Cowboys Emmitt Smith
100%
1992 Cowboys Emmitt Smith
100%
2016 Cowboys Ezekiel Elliott
100%
1996 Steelers Jerome Bettis
100%
1993 Rams Jerome Bettis
100%
2021 Colts Jonathan Taylor
100%
2022 Raiders Josh Jacobs
100%
2007 Chargers LaDainian Tomlinson
100%
2006 Chargers LaDainian Tomlinson
100%
2004 Chargers LaDainian Tomlinson
100%
2006 Chiefs Larry Johnson
100%
2013 Eagles LeSean McCoy
100%
2011 Eagles LeSean McCoy
100%
2014 Steelers Le'Veon Bell
100%
2001 Rams Marshall Faulk
100%
2000 Rams Marshall Faulk
100%
1999 Rams Marshall Faulk
100%
2012 Seahawks Marshawn Lynch
100%
1976 Bills O. J. Simpson
100%
1975 Bills O. J. Simpson
100%
1974 Bills O. J. Simpson
100%
1973 Bills O. J. Simpson
100%
1972 Bills O. J. Simpson
100%
1970 Giants Ron Johnson
100%
2024 Eagles Saquon Barkley
100%
2018 Rams Todd Gurley
100%
2017 Rams Todd Gurley
100%
2010 Texans Arian Foster
90%
1992 Steelers Barry Foster
90%
2025 Falcons Bijan Robinson
90%
1988 Colts Eric Dickerson
90%
1987 Rams/Colts Eric Dickerson
90%
1986 Rams Eric Dickerson
90%
1984 Rams Eric Dickerson
90%
1983 Rams Eric Dickerson
90%
2013 Chiefs Jamaal Charles
90%
2010 Chiefs Jamaal Charles
90%
2003 Ravens Jamal Lewis
90%
2011 Jaguars Maurice Jones-Drew
90%
1998 Broncos Terrell Davis
90%
1997 Broncos Terrell Davis
90%
1996 Broncos Terrell Davis
90%
1985 Bears Walter Payton
90%
1984 Bears Walter Payton
90%
1980 Bears Walter Payton
90%
1977 Bears Walter Payton
90%
1976 Bears Walter Payton
90%
2004 Jets Curtis Martin
80%
1978 Dolphins Delvin Williams
80%
2014 Cowboys DeMarco Murray
80%
2015 Buccaners Doug Martin
80%
1980 Oilers Earl Campbell
80%
1979 Oiler Earl Campbell
80%
1978 Oiler Earl Campbell
80%
1977 Steelers Franco Harris
80%
1985 Raiders Marcus Allen
80%
1982 Raiders Marcus Allen
80%
2003 Chiefs Priest Holmes
80%
2002 Chiefs Priest Holmes
80%
2001 Chiefs Priest Holmes
80%
2002 Dolphins Ricky Williams
80%
2005 Seahawks Shaun Alexander
80%
1991 Bills Thurman Thomas
80%
1990 Bills Thurman Thomas
80%
2005 Giants Tiki Barber
80%
2007 Eagles Brian Westbrook
70%
2000 Titans Eddie George
70%
1999 Colts Edgerrin James
70%
1998 Falcons Jamal Anderson
70%
1979 Cardinals Ottis Anderson
70%
1983 Redskins John Riggins
60%
1972 Redskins Larry Brown
60%
1970 Redskins Larry Brown
60%
1973 Dolphins Larry Csonka
60%
1971 Dolphins Larry Csonka
60%
1989 Chiefs Christian Okoye
50%
2008 Falcons Michael Turner
50%
1981 Cowboys Tony Dorsett
50%
1975 Vikings Chuck Foreman
40%
1981 Saints George Rogers
40%
1987 Rams Charles White
30%
1986 Giants Joe Morris
30%
1988 49rs Roger Craig
30%
1982 Jets Freeman McNeil
20%
1971 Packers John Brockington
10%
1974 Cardinals Otis Armstrong
0%
No matching quizzes found
Score Distribution
Percent of People with Each Score
Percentile by Number Answered
Your Score History
You have not taken this quiz since the last reset